000 00402nam a2200157Ia 4500
003 GCL
008 140319s9999 xx 000 0 ara d
040 _aGCL /
_cGCL
082 0 4 _aط
_b372.52
_bر ه
100 1 _aر ه فيرى
245 1 0 _aهيا نتعلم الرسم /
_cر ه فيرى
490 _a100 قصة
_v0
650 0 4 _aتعليم وتدريس
650 0 4 _aالرسم
942 _2ddc
_cBK
999 _c45178
_d45178